| 000 | 01012cab a22001935a 4500 | ||
|---|---|---|---|
| 001 | L155711 | ||
| 008 | 120410e2012 xxk 000 0 eng d | ||
| 035 | _a(Sirsi) u155711 | ||
| 041 | 0 | _aeng | |
| 110 | 2 |
_aEuroProperty _91216 |
|
| 245 | 0 | 0 | _aHow to bridge the gap? |
| 260 | _c2012 | ||
| 490 | 0 |
_aEuroProperty _v2 April 2012, 6-7(2) |
|
| 520 | _aCommercial real estate faces a Euros 400 bn to 700bn financing gap mainly from bank deleveraging. Morgan Stanley estimates that banks are poised to reduce their exposure by Euros 300bn-600bn or 12%-25%. Up to Euros 150bn of this is cross-border. Over the next five years property values will fall by an average of 10%. Listed property companies with stronger balance sheets have seen their ability to refinance strengthen. Tables cover providers of financing to corporate real estate - the moving parts, and a summary of debt maturities v cash and undrawn facilities. | ||
| 590 | _aKA | ||
| 651 | 4 | _aEurope | |
| 690 |
_aCommercial property _96227 |
||
| 942 | _n0 | ||
| 999 |
_c83901 _d83901 |
||